Subcontratación laboral, suministro de trabajo y cesión ilegal de trabajadores

Saved in:
Bibliografiske detaljer
Hovedforfatter: Rojas Miño, Irene (autora)
Format: Bog
Sprog:spansk
Udgivet: Santiago Legal Publishing 2011
Udgivelse:1a. ed
Fag:
Tags: Tilføj Tag
Ingen Tags, Vær først til at tagge denne postø!

MARC

LEADER 00000cam a2200000 a 4500
001 UCG8486
003 CL-VaPUC
008 111212e20110800CL |||||||||||||||||spa|d
020 |a 9789563460513 
082 0 4 |a 344.8301  |b ROJ  |2 21 
100 |a Rojas Miño, Irene  |e autora  |9 896881 
245 1 0 |a Subcontratación laboral, suministro de trabajo y cesión ilegal de trabajadores 
250 |a 1a. ed 
300 |a 196 p 
942 |c BK 
945 |d 20111212 00:00:00  |a dcastane 
260 |a Santiago  |b Legal Publishing  |c 2011 
650 0 |a Contratos  |9 255153 
650 7 |a SUBCONTRATACION  |2 CL-VaPUC  |9 502631 
650 7 |a DERECHO LABORAL  |2 CL-VaPUC  |9 15 
650 0 |a Código del trabajo  |9 255479 
583 |a last modification  |c 20191004 12:23:11  |k Rodrigo Vera 
999 |c 346096  |d 346094 
952 |0 0  |1 0  |4 0  |6 344_830100000000000_ROJ_2011  |7 0  |8 A  |9 446583  |a BIBDER  |b BIBDER  |d 2019-11-22  |i 4813278  |l 8  |m 4  |o 344.8301 ROJ 2011  |p 4813278  |r 2024-11-25  |s 2024-11-20  |w 2019-11-22  |y BK  |k DER